Tous les Pokémon - Statistiques

Statistiques générales
  • Ce quiz a été pris 54 247 fois
    43 214 depuis la dernière actualisation
  • Le résultat moyen est 182 sur 1025
Statistiques - réponses
Nom % Correct
0025 Pikachu
88%
0004 Salamèche
86%
0001 Bulbizarre
81%
0006 Dracaufeu
78%
0007 Carapuce
77%
0009 Tortank
76%
0003 Florizarre
71%
0005 Reptincel
71%
0002 Herbizarre
69%
0026 Raichu
68%
0008 Carabaffe
66%
0151 Mew
63%
0148 Draco
61%
0133 Évoli
61%
0150 Mewtwo
56%
0010 Chenipan
54%
0172 Pichu
53%
0134 Aquali
52%
0012 Papilusion
52%
0136 Pyroli
51%
0013 Aspicot
50%
0129 Magicarpe
50%
0019 Rattata
50%
0016 Roucool
50%
0017 Roucoups
50%
0149 Dracolosse
49%
0130 Léviator
49%
0052 Miaouss
49%
0197 Noctali
49%
0018 Roucarnage
49%
0135 Voltali
48%
0011 Chrysacier
47%
0146 Sulfura
47%
0144 Artikodin
46%
0014 Coconfort
46%
0074 Racaillou
46%
0020 Rattatac
46%
0143 Ronflex
46%
0147 Minidraco
45%
0095 Onix
45%
0039 Rondoudou
45%
0094 Ectoplasma
44%
0015 Dardargnan
43%
0173 Mélo
43%
0092 Fantominus
42%
0063 Abra
41%
0059 Arcanin
41%
0145 Électhor
41%
0038 Feunard
41%
0037 Goupix
41%
0196 Mentali
41%
0093 Spectrum
41%
0393 Tiplouf
41%
0023 Abo
40%
0065 Alakazam
40%
0058 Caninos
40%
0076 Grolem
40%
0066 Machoc
40%
0035 Mélofée
40%
0053 Persian
40%
0470 Phyllali
40%
0021 Piafabec
40%
0077 Ponyta
40%
0075 Gravalanch
39%
0383 Groudon
39%
0067 Machopeur
39%
0034 Nidoking
39%
0029 Nidoran♀
39%
0032 Nidoran♂
39%
0484 Palkia
39%
0024 Arbok
38%
0483 Dialga
38%
0078 Galopa
38%
0040 Grodoudou
38%
0064 Kadabra
38%
0249 Lugia
38%
0031 Nidoqueen
38%
0030 Nidorina
38%
0700 Nymphali
38%
0255 Poussifeu
38%
0022 Rapasdepic
38%
0384 Rayquaza
38%
0088 Tadmorv
38%
0471 Givrali
37%
0089 Grotadmorv
37%
0382 Kyogre
37%
0068 Mackogneur
37%
0036 Mélodelfe
37%
0033 Nidorino
37%
0109 Smogo
37%
0250 Ho-Oh
36%
0126 Magmar
36%
0081 Magnéti
36%
0041 Nosferapti
36%
0110 Smogogo
36%
0120 Stari
36%
0100 Voltorbe
36%
0125 Élektek
35%
0155 Héricendre
35%
0123 Insécateur
35%
0158 Kaiminus
35%
0082 Magnéton
35%
0121 Staross
35%
0961 Triopikeau
35%
0493 Arceus
34%
0252 Arcko
34%
0070 Boustiflor
34%
0487 Giratina
34%
0043 Mystherbe
34%
0042 Nosferalto
34%
0245 Suicune
34%
0387 Tortipouss
34%
0257 Braségali
33%
0101 Électrode
33%
0244 Entei
33%
0152 Germignon
33%
0113 Leveinard
33%
0448 Lucario
33%
0390 Ouisticram
33%
0118 Poissirène
33%
0054 Psykokwak
33%
0142 Ptéra
33%
0045 Rafflesia
33%
0027 Sabelette
33%
0208 Steelix
33%
0050 Taupiqueur
33%
0128 Tauros
33%
0160 Aligatueur
32%
0658 Amphinobi
32%
0069 Chétiflor
32%
0258 Gobou
32%
0124 Lippoutou
32%
0132 Métamorph
32%
0044 Ortide
32%
0395 Pingoléon
32%
0028 Sablaireau
32%
0644 Zekrom
32%
0251 Celebi
31%
0282 Gardevoir
31%
0131 Lokhlass
31%
0243 Raikou
31%
0392 Simiabraz
31%
0389 Torterra
31%
0107 Tygnon
31%
0157 Typhlosion
31%
0055 Akwakwak
30%
0071 Empiflor
30%
0656 Grenousse
30%
0140 Kabuto
30%
0106 Kicklee
30%
0102 Noeunoeuf
30%
0169 Nostenfer
30%
0086 Otaria
30%
0079 Ramoloss
30%
0643 Reshiram
30%
0072 Tentacool
30%
0073 Tentacruel
30%
0083 Canarticho
29%
0057 Colossinge
29%
0491 Darkrai
29%
0056 Férosinge
29%
0154 Méganium
29%
0122 M. Mime
29%
0103 Noadkoko
29%
0105 Ossatueur
29%
0119 Poissoroy
29%
0394 Prinplouf
29%
0060 Ptitard
29%
0111 Rhinocorne
29%
0112 Rhinoféros
29%
0495 Vipélierre
29%
0139 Amonistar
28%
0138 Amonita
28%
0156 Feurisson
28%
0256 Galifeu
28%
0254 Jungko
28%
0141 Kabutops
28%
0115 Kangourex
28%
0253 Massko
28%
0104 Osselait
28%
0137 Porygon
28%
0280 Tarsal
28%
0716 Xerneas
28%
0717 Yveltal
28%
0391 Chimpenfeu
27%
0084 Doduo
27%
0466 Élekable
27%
0239 Élekid
27%
0080 Flagadoss
27%
0260 Laggron
27%
0087 Lamantine
27%
0380 Latias
27%
0381 Latios
27%
0501 Moustillon
27%
0486 Regigigas
27%
0379 Registeel
27%
0447 Riolu
27%
0062 Tartard
27%
0061 Têtarte
27%
0175 Togepi
27%
0201 Zarbi
27%
0159 Crocrodil
26%
0396 Étourmi
26%
0498 Gruikui
26%
0281 Kirlia
26%
0098 Krabby
26%
0792 Lunala
26%
0153 Macronium
26%
0240 Magby
26%
0462 Magnézone
26%
0048 Mimitoss
26%
0378 Regice
26%
0377 Regirock
26%
0791 Solgaleo
26%
0049 Aéromite
25%
0445 Carchacrok
25%
0265 Chenipotte
25%
0212 Cizayox
25%
0482 Créfadet
25%
0386 Deoxys
25%
0085 Dodrio
25%
0398 Étouraptor
25%
0397 Étourvol
25%
0653 Feunnec
25%
0475 Gallame
25%
0097 Hypnomade
25%
0117 Hypocéan
25%
0116 Hypotrempe
25%
0385 Jirachi
25%
0099 Krabboss
25%
0467 Maganon
25%
0497 Majaspic
25%
0046 Paras
25%
0127 Scarabrute
25%
0096 Soporifik
25%
0248 Tyranocif
25%
0388 Boskara
24%
0503 Clamiral
24%
0481 Créfollet
24%
0373 Drattak
24%
0259 Flobio
24%
0446 Goinfrex
24%
0646 Kyurem
24%
0312 Négapi
24%
0047 Parasect
24%
0311 Posipi
24%
0500 Roitiflam
24%
0114 Saquedeneu
24%
0494 Victini
24%
0718 Zygarde
24%
0722 Brindibou
23%
0480 Créhelf
23%
0488 Cresselia
23%
0091 Crustabri
23%
0229 Démolosse
23%
0108 Excelangue
23%
0725 Flamiaou
23%
0499 Grotichon
23%
0403 Lixy
23%
0404 Luxio
23%
0405 Luxray
23%
0051 Triopikeur
23%
0246 Embrylex
22%
0215 Farfuret
22%
0727 Félinferno
22%
0200 Feuforêve
22%
0163 Hoothoot
22%
0230 Hyporoi
22%
0090 Kokiyas
22%
0242 Leuphorie
22%
0496 Lianaja
22%
0228 Malosse
22%
0376 Métalosse
22%
0350 Milobellus
22%
0181 Pharamp
22%
0202 Qulbutoké
22%
0199 Roigada
22%
0185 Simularbre
22%
0174 Toudoudou
22%
0349 Barpau
21%
0444 Carmache
21%
0657 Croâporal
21%
0371 Draby
21%
0241 Écrémeuh
21%
0443 Griknot
21%
0182 Joliflor
21%
0237 Kapoera
21%
0180 Lainergie
21%
0238 Lippouti
21%
0167 Mimigal
21%
0233 Porygon2
21%
0474 Porygon-Z
21%
0492 Shaymin
21%
0468 Togekiss
21%
0176 Togetic
21%
0217 Ursaring
21%
0321 Wailord
21%
0247 Ymphect
21%
0263 Zigzaton
21%
0227 Airmure
20%
0266 Armulys
20%
0194 Axoloto
20%
0184 Azumarill
20%
0198 Cornèbre
20%
0511 Feuillajou
20%
0513 Flamajou
20%
0485 Heatran
20%
0399 Keunotor
20%
0429 Magirêve
20%
0183 Marill
20%
0650 Marisson
20%
0502 Mateloutre
20%
0439 Mime Jr.
20%
0164 Noarfang
20%
0506 Ponchiot
20%
0440 Ptiravi
20%
0464 Rhinastoc
20%
0315 Rosélia
20%
0640 Viridium
20%
0179 Wattouat
20%
0359 Absol
19%
0724 Archéduc
19%
0279 Bekipan
19%
0268 Blindalys
19%
0190 Capumain
19%
0638 Cobaltium
19%
0236 Debugant
19%
0645 Démétéros
19%
0461 Dimoret
19%
0515 Flotajou
19%
0161 Fouinette
19%
0642 Fulguris
19%
0262 Grahyèna
19%
0277 Hélédelle
19%
0647 Keldeo
19%
0218 Limagma
19%
0264 Linéon
19%
0490 Manaphy
19%
0195 Maraiste
19%
0261 Medhyèna
19%
0375 Métang
19%
0479 Motisma
19%
0418 Mustébouée
19%
0276 Nirondelle
19%
0362 Oniglali
19%
0728 Otaquin
19%
0417 Pachirisu
19%
0269 Papinox
19%
0519 Poichigeon
19%
0507 Ponchien
19%
0407 Roserade
19%
0214 Scarhino
19%
0319 Sharpedo
19%
0361 Stalgamin
19%
0216 Teddiursa
19%
0374 Terhal
19%
0639 Terrakium
19%
0320 Wailmer
19%
0888 Zacian
19%
0570 Zorua
19%
0641 Boréas
18%
0465 Bouldeneu
18%
0400 Castorno
18%
0267 Charmillon
18%
0553 Crocorible
18%
0309 Dynavolt
18%
0310 Élecsprint
18%
0162 Fouinar
18%
0306 Galeking
18%
0278 Goélise
18%
0655 Goupelin
18%
0330 Libégon
18%
0473 Mammochon
18%
0220 Marcacrin
18%
0508 Mastouffe
18%
0726 Matoufeu
18%
0168 Migalos
18%
0419 Mustéflott
18%
0730 Oratoria
18%
0489 Phione
18%
0906 Poussacha
18%
0336 Séviper
18%
0186 Tarpaud
18%
0889 Zamazenta
18%
0571 Zoroark
18%
0334 Altaria
17%
0416 Apireine
17%
0415 Apitrini
17%
0652 Blindépique
17%
0323 Camérupt
17%
0221 Cochignon
17%
0430 Corboss
17%
0232 Donphan
17%
0372 Drackhaus
17%
0304 Galekid
17%
0203 Girafarig
17%
0328 Kraknoix
17%
0170 Loupio
17%
0778 Mimiqui
17%
0478 Momartik
17%
0270 Nénupiot
17%
0815 Pyrobut
17%
0207 Scorplane
17%
0302 Ténéfix
17%
0219 Volcaropod
17%
0522 Zébibron
17%
0298 Azurill
16%
0425 Baudrive
16%
0460 Blizzaroi
16%
0459 Blizzi
16%
0354 Branette
16%
0234 Cerfrousse
16%
0509 Chacripan
16%
0431 Chaglam
16%
0324 Chartor
16%
0412 Cheniti
16%
0189 Cotovol
16%
0610 Coupenotte
16%
0165 Coxy
16%
0702 Dedenne
16%
0226 Démanta
16%
0410 Dinoclier
16%
0723 Efflèche
16%
0587 Emolga
16%
0663 Flambusard
16%
0514 Flamoutan
16%
0516 Flotoutan
16%
0305 Galegon
16%
0649 Genesect
16%
0273 Grainipiot
16%
0192 Héliatronc
16%
0206 Insolourdo
16%
1007 Koraidon
16%
0171 Lanturn
16%
0427 Laporeille
16%
0271 Lombre
16%
0272 Ludicolo
16%
0335 Mangriff
16%
0551 Mascaïman
16%
1008 Miraidon
16%
0289 Monaflèmit
16%
0800 Necrozma
16%
0477 Noctunoir
16%
0363 Obalie
16%
0287 Parecool
16%
0231 Phanpy
16%
0274 Pifeuil
16%
0472 Scorvol
16%
0355 Skelénox
16%
0338 Solaroc
16%
0442 Spiritomb
16%
0299 Tarinor
16%
0960 Taupikeau
16%
0275 Tengalice
16%
0635 Trioxhydre
16%
0333 Tylton
16%
0193 Yanma
16%
0523 Zéblitz
16%
0411 Bastiodon
15%
0225 Cadoizo
15%
0424 Capidextre
15%
0318 Carvanha
15%
0432 Chaffreux
15%
0322 Chamallot
15%
0308 Charmina
15%
0413 Cheniselle
15%
0909 Chochodile
15%
0366 Coquiperl
15%
0789 Cosmog
15%
0166 Coxyclaque
15%
0453 Cradopaud
15%
0521 Déflaisan
15%
0813 Flambino
15%
0188 Floravol
15%
0187 Granivol
15%
0426 Grodrive
15%
0297 Hariyama
15%
0365 Kaimorse
15%
0408 Kranidos
15%
0816 Larméléon
15%
0428 Lockpin
15%
0370 Lovdisc
15%
0307 Méditikka
15%
0648 Meloetta
15%
0303 Mysdibule
15%
0177 Natu
15%
0224 Octillery
15%
0810 Ouistempo
15%
0661 Passerouge
15%
0637 Pyrax
15%
0504 Ratentif
15%
0223 Rémoraid
15%
0654 Roussil
15%
0406 Rozbouton
15%
0633 Solochi
15%
0356 Téraclope
15%
0612 Tranchodon
15%
0721 Volcanion
15%
0178 Xatu
15%
0283 Arakdo
14%
0437 Archéodong
14%
0436 Archéomire
14%
0285 Balignon
14%
0534 Bétochef
14%
0651 Boguérisse
14%
0286 Chapignon
14%
0409 Charkos
14%
0532 Charpenti
14%
0293 Chuchmur
14%
0600 Clic
14%
0454 Coatox
14%
0222 Corayon
14%
0463 Coudlangue
14%
0634 Diamat
14%
0719 Diancie
14%
0621 Drakkarmin
14%
0341 Écrapince
14%
0358 Éoko
14%
0552 Escroco
14%
0512 Feuiloutan
14%
0669 Flabébé
14%
0607 Funécire
14%
0623 Golemastoc
14%
0720 Hoopa
14%
0510 Léopardus
14%
0345 Lilia
14%
0745 Lougaroc
14%
0609 Lugulabre
14%
0296 Makuhita
14%
0505 Miradar
14%
0292 Munja
14%
0360 Okéoké
14%
0729 Otarlette
14%
0364 Phogleur
14%
0441 Pijako
14%
0353 Polichombr
14%
0204 Pomdepik
14%
0235 Queulorior
14%
0624 Scalpion
14%
0625 Scalproie
14%
0337 Séléroc
14%
0367 Serpang
14%
0599 Tic
14%
0191 Tournegrin
14%
0357 Tropius
14%
0562 Tutafeh
14%
0901 Ursaking
14%
0329 Vibraninf
14%
0288 Vigoroth
14%
0469 Yanmega
14%
0602 Anchwatt
13%
0348 Armaldo
13%
0458 Babimanta
13%
0343 Balbuto
13%
0295 Brouhabam
13%
0701 Brutalibré
13%
0331 Cacnea
13%
0332 Cacturne
13%
0420 Ceribou
13%
0520 Colombeau
13%
0580 Couaneton
13%
0555 Darumacho
13%
0205 Foretress
13%
0210 Granbull
13%
0538 Judokrak
13%
0539 Karaclée
13%
0438 Manzaï
13%
0908 Miascarade
13%
0569 Miasmax
13%
0351 Morphéo
13%
0434 Moufouette
13%
0831 Moumouton
13%
0517 Munna
13%
0596 Mygavolt
13%
0531 Nanméouïe
13%
0291 Ninjask
13%
0533 Ouvrifier
13%
0414 Papilord
13%
0613 Polarhume
13%
0636 Pyronille
13%
0211 Qwilfish
13%
0369 Relicanth
13%
0300 Skitty
13%
0209 Snubbull
13%
0582 Sorbébé
13%
0584 Sorbouboul
13%
0583 Sorboul
13%
0325 Spoink
13%
0595 Statitik
13%
0476 Tarinorme
13%
0788 Tokopisco
13%
0785 Tokorico
13%
0787 Tokotoro
13%
0707 Trousselin
13%
0563 Tutankafer
13%
0543 Venipatte
13%
0455 Vortente
13%
0631 Aflamanoir
12%
0347 Anorith
12%
0317 Avaltout
12%
0340 Barbicha
12%
0339 Barloche
12%
0662 Braisillon
12%
0545 Brutapode
12%
0213 Caratroc
12%
0421 Ceriflor
12%
0601 Cliticlic
12%
0912 Coiffeton
12%
0790 Cosmovum
12%
0541 Couverdure
12%
0401 Crikzik
12%
0554 Darumarond
12%
0301 Delcatty
12%
0546 Doudouvet
12%
0456 Écayon
12%
0890 Éthernatos
12%
0681 Exagide
12%
0547 Farfaduvet
12%
0670 Floette
12%
0671 Florges
12%
0549 Fragilady
12%
0626 Frison
12%
0316 Gloupti
12%
0812 Gorythmic
12%
0622 Gringolem
12%
0628 Gueriaigle
12%
0667 Hélionceau
12%
0449 Hippopotas
12%
0611 Incisache
12%
0344 Kaorine
12%
0352 Kecleon
12%
0603 Lampéroie
12%
0814 Lapyro
12%
0818 Lézargus
12%
0618 Limonde
12%
0457 Luminéon
12%
0801 Magearna
12%
0542 Manternel
12%
0284 Maskadra
12%
0809 Melmetal
12%
0402 Mélokrik
12%
0530 Minotaupe
12%
0435 Moufflair
12%
0794 Mouscoto
12%
0290 Ningale
12%
0604 Ohmassacre
12%
0614 Polagriffe
12%
0294 Ramboum
12%
0895 Regidrago
12%
0894 Regieleki
12%
0744 Rocabot
12%
0368 Rosabyss
12%
0529 Rototaupe
12%
0422 Sancoki
12%
0544 Scobolide
12%
0327 Spinda
12%
0423 Tritosor
12%
0346 Vacilys
12%
0807 Zeraora
12%
0550 Bargantua
11%
0715 Bruyverne
11%
0572 Chinchidou
11%
0527 Chovsourir
11%
0342 Colhomard
11%
0823 Corvaillus
11%
0979 Courrousinge
11%
0452 Drascore
11%
0632 Fermite
11%
0911 Flâmigator
11%
0627 Furaiglon
11%
0526 Gigalithe
11%
0597 Grindur
11%
0326 Groret
11%
0900 Hachécateur
11%
0615 Hexagel
11%
0450 Hippodocus
11%
0581 Lakmécygne
11%
0540 Larveyette
11%
0808 Meltan
11%
0568 Miamiasme
11%
0704 Mucuscule
11%
0706 Muplodocus
11%
0518 Mushana
11%
0668 Némélios
11%
0524 Nodulithe
11%
0577 Nucléos
11%
0865 Palarticho
11%
0921 Pohm
11%
0666 Prismillon
11%
0696 Ptyranidur
11%
0451 Rapion
11%
0697 Rexillius
11%
0528 Rhinolove
11%
0579 Symbios
11%
0777 Togedemaru
11%
0786 Tokopiyon
11%
0772 Type:0
11%
0585 Vivaldaim
11%
0698 Amagara
10%
0566 Arkéapti
10%
0811 Badabouin
10%
0560 Baggaïd
10%
0559 Baggiguane
10%
0797 Bamboiselle
10%
0536 Batracné
10%
0564 Carapagos
10%
0760 Chelours
10%
0673 Chevroum
10%
0548 Chlorobule
10%
0676 Couafarel
10%
0537 Crapustule
10%
0699 Dragmara
10%
0799 Engloutyran
10%
0616 Escargaume
10%
0525 Géolithe
10%
1000 Gromago
10%
0586 Haydaim
10%
0862 Ixon
10%
0798 Katagami
10%
0433 Korillon
10%
0619 Kungfouine
10%
0664 Lépidonille
10%
0617 Limaspeed
10%
0314 Lumivole
10%
0758 Malamandre
10%
0594 Mamanbo
10%
0802 Marshadow
10%
0578 Méios
10%
0608 Mélancolux
10%
0575 Mesmérella
10%
0821 Minisange
10%
0679 Monorpale
10%
0313 Muciole
10%
0598 Noacier
10%
0914 Palmaval
10%
0675 Pandarbare
10%
0674 Pandespiègle
10%
0659 Sapereau
10%
0574 Scrutella
10%
0620 Shaofouine
10%
0576 Sidérella
10%
0714 Sonistrelle
10%
0684 Sucroquin
10%
0535 Tritonde
10%
0757 Tritox
10%
0630 Vaututrice
10%
0629 Vostourno
10%
0793 Zéroïd
10%
0567 Aéroptéryx
9%
0805 Ama-Ama
9%
0733 Bazoucan
9%
0708 Brocélôme
9%
0796 Câblifère
9%
0672 Cabriolaine
9%
0795 Cancrelove
9%
0588 Carabing
9%
0705 Colimucus
9%
0558 Crabaraque
9%
0557 Crabicoque
9%
0561 Cryptéro
9%
0779 Denticrisse
9%
0709 Desséliande
9%
0982 Deusolourdo
9%
0680 Dimoclès
9%
0784 Ékaïser
9%
0660 Excavarenne
9%
0903 Farfurex
9%
0694 Galvaran
9%
1006 Garde-de-Fer
9%
0591 Gaulet
9%
0712 Grelaçon
9%
0695 Iguolta
9%
0589 Lançargot
9%
0605 Lewsor
9%
0738 Lucanon
9%
0734 Manglouton
9%
0556 Maracachi
9%
0907 Matourgeon
9%
0565 Mégapagos
9%
0866 M. Glaquette
9%
0832 Moumouflon
9%
0593 Moyade
9%
0759 Nounourson
9%
0573 Pashmilla
9%
0731 Picassaut
9%
0923 Pohmarmotte
9%
0983 Scalpereur
9%
0713 Séracrawl
9%
0892 Shifours
9%
0773 Silvallié
9%
0703 Strassie
9%
1024 Terapagos
9%
0948 Terracool
9%
0949 Terracruel
9%
0980 Terraiste
9%
0590 Trompignon
9%
0592 Viskuse
9%
0835 Voltoutou
9%
1004 Yuyu
9%
0905 Amovénus
8%
0735 Argouste
8%
0817 Arrozard
8%
0782 Bébécaille
8%
0822 Bleuseille
8%
0776 Boumata
8%
0750 Bourrinos
8%
0737 Chrysapile
8%
0739 Crabagarre
8%
0910 Crocogril
8%
0685 Cupcanaille
8%
0780 Draïeul
8%
0981 Farigiraf
8%
0692 Flingouste
8%
0682 Fluvetin
8%
0746 Froussardine
8%
0765 Gouroutan
8%
0991 Hotte-de-Fer
8%
0985 Hurle-Queue
8%
0691 Kravarech
8%
0887 Lanssorien
8%
0736 Larvibule
8%
0937 Malvalame
8%
0877 Morpeko
8%
0606 Neitram
8%
1017 Ogerpon
8%
0665 Pérégrain
8%
0710 Pitrouille
8%
0741 Plumeline
8%
0922 Pohmotte
8%
0990 Roue-de-Fer
8%
0686 Sepiatop
8%
0687 Sepiatroce
8%
0763 Sucreine
8%
0749 Tiboudet
8%
0803 Vémini
8%
0690 Venalgue
8%
0840 Verpom
8%
0893 Zarude
8%
0751 Araqua
7%
0769 Bacabouh
7%
0711 Banshitrouye
7%
1002 Baojian
7%
0873 Beldeneige
7%
0863 Berserkatt
7%
0927 Briochien
7%
0913 Canarbello
7%
0899 Cerbyllin
7%
0683 Cocotine
7%
0740 Crabominable
7%
0761 Croquine
7%
0775 Dodoala
7%
0963 Dofin
7%
0842 Dratatin
7%
0884 Duralugon
7%
0783 Écaïd
7%
0754 Floramantis
7%
0987 Flotte-Mèche
7%
0984 Fort-Ivoire
7%
0872 Frissonille
7%
0693 Gamblast
7%
1021 Ire-Foudre
7%
0756 Lampignon
7%
0804 Mandrillon
7%
0774 Météno
7%
0753 Mimantis
7%
0678 Mistigrix
7%
0994 Mite-de-Fer
7%
0999 Mordudor
7%
0928 Olivini
7%
0992 Paume-de-Fer
7%
1025 Pêchaminus
7%
0732 Piclairon
7%
0806 Pierroteknik
7%
0841 Pomdrapi
7%
0748 Prédastérie
7%
0677 Psystigri
7%
0819 Rongourmand
7%
1005 Rugit-Lune
7%
0849 Salarsen
7%
0768 Sarmuraï
7%
0851 Scolocendre
7%
1009 Serpente-Eau
7%
0767 Sovkipou
7%
0897 Spectreval
7%
0755 Spododo
7%
0964 Superdofin
7%
0898 Sylveroy
7%
0752 Tarenbulle
7%
0854 Théffroi
7%
0770 Trépassable
7%
1010 Vert-de-Fer
7%
0747 Vorastérie
7%
0861 Angoliath
6%
0875 Bekaglaçon
6%
0856 Bibichut
6%
0896 Blizzeval
6%
0742 Bombydou
6%
0762 Candine
6%
0935 Charbambin
6%
0837 Charbi
6%
0869 Charmilly
6%
1023 Chef-de-Fer
6%
0771 Concombaffe
6%
0864 Corayôme
6%
0868 Crèmy
6%
1003 Dinglu
6%
0874 Dolman
6%
0995 Épine-de-Fer
6%
0885 Fantyrm
6%
0968 Ferdeter
6%
0959 Forgelina
6%
0836 Fulgudog
6%
0689 Golgopathe
6%
0827 Goupilou
6%
0915 Gourmelet
6%
0850 Grillepattes
6%
0859 Grimalin
6%
0764 Guérilande
6%
0870 Hexadron
6%
0882 Hydragon
6%
0967 Motorizard
6%
0978 Nigirigon
6%
0688 Opermine
6%
0977 Oyacata
6%
0902 Paragruel
6%
0926 Pâtachiot
6%
0766 Quartermac
6%
0904 Qwilpik
6%
0820 Rongrigou
6%
0828 Roublenard
6%
0743 Rubombelle
6%
0781 Sinistrail
6%
0858 Sorcilence
6%
0945 Tag-Tag
6%
0917 Tissenboule
6%
0834 Torgamord
6%
0971 Toutombe
6%
0848 Toxizap
6%
0867 Tutétékri
6%
0965 Vrombi
6%
0966 Vrombotor
6%
0838 Wagomine
6%
0891 Wushours
6%
0939 Ampibidou
5%
0930 Arboliva
5%
0826 Astronelle
5%
0830 Blancoton
5%
0936 Carmadura
5%
0857 Chapotus
5%
0825 Coléodôme
5%
0924 Compagnol
5%
0886 Dispareptil
5%
0925 Famignol
5%
1014 Félicanis
5%
1020 Feu-Perçant
5%
0958 Forgella
5%
0860 Fourbelin
5%
0916 Fragroin
5%
0996 Frigodo
5%
0941 Fulgulairo
5%
0881 Galvagla
5%
0880 Galvagon
5%
0920 Gambex
5%
0934 Gigansel
5%
0998 Glaivodo
5%
0883 Hydragla
5%
0833 Khélocrok
5%
0853 Krakos
5%
0824 Larvadar
5%
0962 Lestombaile
5%
0839 Monthracite
5%
0845 Nigosier
5%
0989 Pelage-Sablé
5%
0855 Polthégeist
5%
1019 Pomdorochi
5%
1011 Pomdramour
5%
1018 Pondralugon
5%
0852 Poulpaf
5%
0988 Rampe-Ailes
5%
1022 Roc-de-Fer
5%
0938 Têtampoule
5%
0993 Têtes-de-Fer
5%
0871 Wattapik
5%
0876 Wimessir
5%
0940 Zapétrel
5%
0933 Amassel
4%
0975 Balbalèze
4%
0878 Charibari
4%
1001 Chongjian
4%
0956 Cléopsytra
4%
0950 Craparoi
4%
0997 Cryodo
4%
0976 Délestin
4%
0943 Dogrino
4%
0844 Dunaconda
4%
0843 Dunaja
4%
0846 Embrochet
4%
1016 Favianos
4%
0918 Filentrappe
4%
0973 Flamenroule
4%
0970 Floréclat
4%
0986 Fongus-Furie
4%
0957 Forgerette
4%
1015 Fortusimia
4%
0942 Grondogue
4%
0847 Hastacuda
4%
0953 Léboulérou
4%
0919 Lilliterelle
4%
0929 Olivado
4%
0879 Pachyradjah
4%
0974 Piétacé
4%
0951 Pimito
4%
0952 Scovilain
4%
0932 Selutin
4%
1013 Théffroyable
4%
0972 Tomberro
4%
0829 Tournicoton
4%
0954 Bérasca
3%
0955 Flotillon
3%
0969 Germéclat
3%
0944 Gribouraigne
3%
1012 Poltchageist
3%
0931 Tapatoès
3%
0947 Virevorreur
3%
0946 Virovent
3%
Aucun quiz correspondant
Distribution des résultats
% des personnes avec chaque résultat
Percentile par nombre de réponses
Votre historique - résultats
Vous n’avez pas pris ce quiz depuis la dernière actualisation